| 000 | 00000nam 2200000zi 4500 |
| 001 | 9.952569 |
| 003 | CaOODSP |
| 005 | 20250821110440 |
| 006 | m o d f |
| 007 | cr |n||||||||| |
| 008 | 250623e197512##abcda ot f|0| 0 eng d |
| 040 | |aCaOODSP|beng|erda|cCaOODSP |
| 043 | |an-cn--- |
| 086 | 1 |aDR52-2/6-1975E-PDF |
| 100 | 1 |aWeaver, R. S., |eauthor. |
| 245 | 10|aDestruction and disposal of Canadian stocks of World War II mustard gas / |cby R.S. Weaver, C. Reichert, and S.B. Mellsen. |
| 264 | 1|aRalston, Alberta : |bDefence Research Establishment Suffield, |cDecember 1975. |
| 300 | |a1 online resource (7, [16] pages) : |bchart, illustrations. |
| 336 | |atext|btxt|2rdacontent |
| 337 | |acomputer|bc|2rdamedia |
| 338 | |aonline resource|bcr|2rdacarrier |
| 490 | 1 |aSuffield special publication ; |vNo. 67 |
| 500 | |aDigitized edition from print [produced by Defence Research and Development Canada]. |
| 500 | |a"Project No. 99-30-15." |
| 520 | |a"Early in World War II, over 700 tons of the chemical warfare agent mustard were shipped from Cornwall, Ontario, to the Defence Research Establishment Suffield, and stored in lead-lined concrete vaults. Research was begun several years ago to find a safe, efficient, environmentally acceptable and economical method of disposing of this still hazardous material. Laboratory studies led to the discovery that, with turbulent mixing and proper control of temperature and acidity, mustard would react with water to produce a non-vesicant hydrolysate mixture. These results were extended and the process further optimized in pilot plant runs, involving a total of several tons of mustard. It was also demonstrated that the hydrolysate could be burned completely in a specially modified incinerator"--Abstract. |
| 650 | 0|aChemical weapons disposal. |
| 650 | 0|aMustard gas. |
| 650 | 6|aArmes chimiques|xÉlimination. |
| 650 | 6|aGaz moutarde. |
| 710 | 2 |aDefence Research Establishment Suffield, |eissuing body. |
| 830 | #0|aSuffield special publication ;|vNo. 67.|w(CaOODSP)9.926017 |
| 856 | 40|qPDF|s8.87 MB|uhttps://publications.gc.ca/collections/collection_2025/rddc-drdc/DR52-2-6-1975-eng.pdf |